| 000 | 00819nam a2200217Ia 4500 | ||
|---|---|---|---|
| 999 |
_c38406 _d38406 |
||
| 001 | 4417 | ||
| 003 | GE_BSU | ||
| 005 | 20190516161424.0 | ||
| 008 | 181216s1985||||ge |||||||||||||| ||geo|| | ||
| 040 | _cGE_BSU | ||
| 041 | _ageo | ||
| 080 | _a532(075.8) პ–18 | ||
| 100 |
_aპაპაშვილი,ა. _91255 |
||
| 245 |
_aჰიდრავლიკა : სახელმძღვანელო / _cა.პაპაშვილი ; რედ : პ. ლაპარტყავა. |
||
| 264 |
_aთბილისი : _bგანათლება, _c1985. |
||
| 300 |
_a402 გვ .; _c20 სმ. |
||
| 653 | _aჰიდრავლიკა | ||
| 653 | _aჰიდრომექანიკა | ||
| 700 |
_aლაპარტყავა, პ _eრედაქტორი _91256 |
||
| 942 |
_cBK _2udc |
||